000 00798nam a22001937a 4500
008 100224t xxu||||| |||| 00| 0 eng d
020 _a9780521717700
082 _222
_a006.4
_bRIP
100 _aRipley, B.D.
_911890
245 _aPattern recognition and neural networks /
_cB.D. Ripley.
260 _aCambridge :
_bCambridge University Press,
_c c.1996.
300 _axi,403p. :
_b ill. ;
_c26cm.
500 _aIncludes Index.
650 _aNeural networks (Computer science)
_911891
650 _aPattern recognition systems.
_911892
650 _aPattern recognition
_911893
942 _2ddc
_cBB
999 _c13504
_d13504